Ensayo sobre artes visuales. Archivos: reconfiguraciones de una historiografía.
Saved in:
| Hovedforfatter: | |
|---|---|
| Andre forfattere: | , , , |
| Format: | Bog |
| Sprog: | engelsk |
| Udgivet: |
Santiago, Chile
Centro Nacional de Arte Contemporáneo
2019
|
| Udgivelse: | Primera edición |
| Fag: | |
| Tags: |
Tilføj Tag
Ingen Tags, Vær først til at tagge denne postø!
|
MARC
| LEADER | 00000nam a22000007a 4500 | ||
|---|---|---|---|
| 003 | CL-VaPUC | ||
| 005 | 20240805093348.0 | ||
| 008 | 210114b ||||| |||| 00| 0 eng d | ||
| 999 | |c 432565 |d 432563 | ||
| 020 | |a 9789563523454 | ||
| 040 | |c Pontificia Universidad Católica de Valparaíso | ||
| 082 | 1 | 4 | |2 21 |a 701 MON 2019 |
| 100 | 1 | |a Montgomery, Vania |9 859474 | |
| 245 | |a Ensayo sobre artes visuales. |b Archivos: reconfiguraciones de una historiografía. | ||
| 250 | |a Primera edición | ||
| 260 | 0 | 3 | |a Santiago, Chile |b Centro Nacional de Arte Contemporáneo |c 2019 |
| 300 | |a 169 páginas. |b Volumen VII | ||
| 583 | |c 20210114 |k Cristina Rojas | ||
| 650 | 0 | 0 | |a Ensayos chilenos |9 269132 |
| 650 | 0 | 0 | |a Artes visuales |9 336870 |
| 650 | 0 | 0 | |a Arte chileno |9 369871 |
| 650 | 0 | 0 | |a Artistas chilenos |9 344566 |
| 700 | |a Muñoz J., Gastón J. |9 859481 | ||
| 700 | |a Valdebenito Carrasco, Yocelyn |9 859482 | ||
| 700 | |a Rivera Diaz, Iván |9 859483 | ||
| 700 | |a Flores Leiva, Mariairis |9 859484 | ||
| 942 | |2 ddc |c BK |n 1 | ||
| 952 | |0 0 |1 0 |2 ddc |4 0 |6 701_000000000000000_MON_2019 |7 0 |8 A |9 577521 |a BIBART |b BIBART |d 2021-01-14 |h v.VII |i 5619637 |l 4 |o 701 MON 2019 |p 5619637 |r 2025-03-13 |s 2023-04-13 |t 1 |w 2021-01-14 |y BK |k ART | ||